| 000 | 00630nam a2200169 i 4500 | ||
|---|---|---|---|
| 001 | 44961 | ||
| 003 | ES-MaACL | ||
| 007 | t| | ||
| 008 | 030324s1945 sp ||||1| spa d | ||
| 100 | 1 |
_aClarke, Tacher H. _939068 |
|
| 245 | 1 | 0 |
_aManual de análisis orgánico cualitativo y cuantitativo / _cpor Tacher H. Clarke ; con una introducción de J. Norman Collie ; traducción de Jaime Castejón Chacón. |
| 260 |
_aBarcelona : _bManuel Marín, _c1945 ( _fHorta) |
||
| 300 |
_aXII, 312 p. : _bil. ; _c21 cm. |
||
| 700 | 1 |
_aCollie, J. Norman. _939706 |
|
| 700 | 1 |
_aCastejón Chacón, Jaime. _936465 |
|
| 852 |
_aES-MaACL _jE-1775 _bR.22526 |
||
| 999 |
_c44961 _d44961 |
||